[Event "BEM-ch U14"]
[Site "Vaihingen/Enz"]
[Date "2003.02.01"]
[Round "5"]
[White "Voelz, Andreas"]
[Black "Karlowitz, Lukas"]
[Result "1-0"]
[WhiteElo "1172"]
[BlackElo "1056"]
[PlyCount "73"]
[EventDate "2003.01.??"]
[EventType "swiss"]
[EventRounds "7"]
[EventCountry "GER"]
[SourceTitle "EXT 2005"]
[Source "ChessBase"]
[SourceDate "2004.11.15"]
[SourceVersion "1"]
[SourceVersionDate "2004.11.15"]
[SourceQuality "1"]

1. d4 d5 2. c4 c6 3. Nc3 Nf6 4. Bg5 dxc4 5. Nf3 h6 6. Bh4 Nbd7 7. e3 Nb6 8. Be2 e6 9. 0-0 Bb4 10. a3 Bxc3 11. bxc3 0-0 12. Ne5 Nbd5 13. Qd2 b5 14. Nxc6 Qc7 15. Ne5 Ne4 16. Qc2 Nexc3 17. Bf3 Na4 18. Bg3 Qb6 19. Be4 Nf6 20. Bxa8 Ba6 21. Be4 c3 22. Rfc1 Rc8 23. Bd3 Bb7 24. Bh4 Qd6 25. Bxf6 gxf6 26. Nf3 Kf8 27. Bxb5 Bc6 28. Bxa4 Bxa4 29. Qxa4 Qc7 30. Qb4+ Kg8 31. a4 a5 32. Qb3 Rb8 33. Qxc3 Qb7 34. Qxa5 Qb2 35. Qd2 Qb7 36. a5 Qa6 37. h3 1-0